000
00304 a2200145 4500
001
156038
040
_c
Escola São Tomás de Aquino
100
_a
HIRATSUKA, Lúcia
240
1
0
_a
A venda
_l
por
245
1
0
_a
A venda
300
_a
22
362
0
_a
2014
697
_a
*LITERATURA INFANTIL
942
_c
BK
999
_c
156038
_d
156038